MANAGEMENT AND ORGANIZATIONAL BEHAVIOR / (Record no. 617149)

000 -LEADER
fixed length control field 00378nam a22001457a 4500
020 ## - INTERNATIONAL STANDARD BOOK NUMBER
Qualifying information HB.
040 ## - CATALOGING SOURCE
Transcribing agency FIZZA ISHAQ
082 ## - DEWEY DECIMAL CLASSIFICATION NUMBER
Classification number 658.4
Author Mark CUR
100 ## - MAIN ENTRY--PERSONAL NAME
Personal name COOK,W.CURTIS.
9 (RLIN) 134188
245 ## - TITLE STATEMENT
Title MANAGEMENT AND ORGANIZATIONAL BEHAVIOR /
Statement of responsibility, etc. CURTIS W.COOK.
250 ## - EDITION STATEMENT
Edition statement 2ND ED.
260 ## - PUBLICATION, DISTRIBUTION, ETC.
Place of publication, distribution, etc. NEW YORK ;
Name of publisher, distributor, etc. Mc GRAW HILL,
Date of publication, distribution, etc. 1997.
300 ## - PHYSICAL DESCRIPTION
Extent 642 P. ;
Dimensions 10.6X8.4IN
942 ## - ADDED ENTRY ELEMENTS (KOHA)
Source of classification or shelving scheme
Koha item type Book
Holdings
Withdrawn status Lost status Source of classification or shelving scheme Damaged status Not for loan Permanent Location Current Location Shelving location Date acquired Total Checkouts Full call number Barcode Date last seen Price effective from Koha item type
          NUST Baluchistan Campus (NBC) NUST Baluchistan Campus (NBC) Text Books 04/17/2026   658.4 CUR QD- 272 04/17/2026 04/17/2026 Book
© 2023 Central Library, National University of Sciences and Technology. All Rights Reserved.